Diversity analysis of bacterial community in acid saline Pokkali soil of Kerala through metagenomic approach (Record no. 57318)

MARC details
000 -LEADER
fixed length control field 00627nam a2200229Ia 4500
100 ## - MAIN ENTRY--AUTHOR NAME
Personal name Sah S
245 #0 - TITLE STATEMENT
Title Diversity analysis of bacterial community in acid saline Pokkali soil of Kerala through metagenomic approach
260 ## - PUBLICATION, DISTRIBUTION, ETC. (IMPRINT)
Name of publisher Journal of Tropical Agriculture
Year of publication 2014
300 ## - PHYSICAL DESCRIPTION
Number of Pages 123-130
500 ## - GENERAL NOTE
General note Source Year: 2014
650 ## - SUBJECT ADDED ENTRY--TOPICAL TERM
Topical Term 16S rDNA
650 ## - SUBJECT ADDED ENTRY--TOPICAL TERM
Topical Term Metagenomics
650 ## - SUBJECT ADDED ENTRY--TOPICAL TERM
Topical Term Pokkali soil
700 ## - ADDED ENTRY--PERSONAL NAME
Personal name Deepa K
700 ## - ADDED ENTRY--PERSONAL NAME
Personal name Firoz P M
700 ## - ADDED ENTRY--PERSONAL NAME
Personal name Girija D
700 ## - ADDED ENTRY--PERSONAL NAME
Personal name Nazeem P A
700 ## - ADDED ENTRY--PERSONAL NAME
Personal name Sunil E
856 ## - ELECTRONIC LOCATION AND ACCESS
Uniform Resource Identifier Copy of article
942 ## - ADDED ENTRY ELEMENTS (KOHA)
Koha item type Journals
Holdings
Withdrawn status Lost status Damaged status Not for loan Home library Current library Shelving location Date acquired Serial Enumeration / chronology Koha item type
      Journals RRII Library RRII Library Agronomy 21/01/2014 Volume 52, Issue 1 Journals